Prueba de Málaga - Estadísticas

Estadísticas generales
  • Esta prueba ha sido intentada 243 veces
  • La puntuación promedio es 9 de 16
Estadísticas de respuestas
Pregunta Respuesta % Correcto
Gentilicios Malagueño
97%
Pintor más relevante Pablo Picasso
93%
Actor más relevante Antonio Banderas
88%
Comida que consiste en cañas de pescado (usualmente sardinas) Espeto
86%
Último año en que Málaga C. F. apareció en la Primera División 2018
80%
Ciudad cercana y segunda más poblada de la provincia Marbella
78%
Apodo de la catedral que refiere a su construcción incompleta «La Manquita»
69%
Fortificación palaciega mora de origen fenicio-púnico Alcazaba de Málaga
62%
Patrona Santa María de {la Victoria}
52%
Gentilicios Malacitano
40%
Comarca Málaga-{Costa del Sol}
35%
Centro comercial abierta frente al mar Muelle Uno
35%
Único parque nacional en la provincia de Málaga Sierra de las Nieves
35%
Coloquialismo que significa muy limpio o muy bueno Niquelao
29%
Película de 2003 ambientada en Málaga que obtuvo 4 nominaciones al Premio Goya Torremolinos 73
20%
Empresa antequerana que produce aceite de oliva Dcoop
16%
No se encontraron pruebas coincidentes
Distribución de puntuación
Porcentaje de gente con cada puntuación
Porcentaje por número respondido
Historial de tus puntuaciones
No has intentado esta prueba.